| 000 | 00533aam a2200217 4500 | ||
|---|---|---|---|
| 005 | 20240808170511.0 | ||
| 008 | 150313b xxu||||| |||| 00| 0 spa d | ||
| 020 | _a9788499082356 | ||
| 041 | _aESP | ||
| 082 | _a813.54 K52tt | ||
| 100 |
_aKing, Stephen _92342 |
||
| 245 | _aLa torre oscura: traición | ||
| 260 | _aEspaña | ||
| 260 | _bDebolsillo | ||
| 260 | _c2014 | ||
| 300 | _a160 páginas | ||
| 440 | _aLa Torre Oscura | ||
| 650 | _aLITERATURA ESTADOUNIDENSE | ||
| 650 | _aNOVELA ESTADOUNIDENSE | ||
| 942 |
_cLIT _2ddc |
||
| 999 |
_c10474 _d10474 |
||